[Event "Kragero op"]
[Site "Kragero"]
[Date "2019.02.24"]
[Round "9"]
[White "Ingebretsen, Jens E"]
[Black "Boe, Oeyvind"]
[Result "1-0"]
[WhiteElo "2297"]
[BlackElo "1908"]
[PlyCount "75"]
[EventDate "2019.02.20"]
[EventType "swiss"]
[EventRounds "9"]
[EventCountry "NOR"]
[SourceTitle "CBM 189 Extra"]
[Source "ChessBase"]
[SourceDate "2019.06.03"]
[SourceVersion "1"]
[SourceVersionDate "2019.06.03"]
[SourceQuality "1"]

1. e4 c5 2. Ne2 e6 3. d4 cxd4 4. Nxd4 Nc6 5. Nc3 Qc7 6. g3 a6 7. Bg2 Nf6 8. 0-0 Be7 9. Be3 h5 10. Re1 Ng4 11. Nf5 Nxe3 12. Rxe3 Bc5 13. Re1 Kf8 14. Ne3 h4 15. Qe2 hxg3 16. hxg3 b5 17. Rad1 Bb7 18. Rd2 Ne5 19. Ncd1 g6 20. a3 f5 21. exf5 Bxg2 22. Nxg2 Nc4 23. Rd3 gxf5 24. Nf4 Rh6 25. Qf3 Re8 26. Ng2 Kg7 27. b3 Reh8 28. Nh4 Ne5 29. Qf4 d6 30. Rc3 Ng6 31. Qg5 Kf7 32. Rxe6 Kxe6 33. Qxf5+ Ke7 34. Nxg6+ Rxg6 35. Qxg6 Rf8 36. Qe4+ Kd7 37. Qh7+ Kd8 38. Qxc7+ 1-0

[Event "NOR-ch Klasse1"]
[Site "Stavanger"]
[Date "2017.07.07"]
[Round "8"]
[White "Boe, Oeyvind"]
[Black "Jorgensen, Bjorn Emil"]
[Result "0-1"]
[WhiteElo "1894"]
[BlackElo "2053"]
[PlyCount "90"]
[EventDate "2017.07.01"]
[EventType "swiss"]
[EventRounds "9"]
[EventCountry "NOR"]
[SourceTitle "EXT 2018"]
[Source "ChessBase"]
[SourceDate "2017.10.13"]
[SourceVersion "1"]
[SourceVersionDate "2017.10.13"]
[SourceQuality "1"]

1. d4 Nf6 2. c4 e6 3. Nf3 d5 4. Nc3 Be7 5. e3 0-0 6. a3 b6 7. Be2 dxc4 8. Bxc4 Bb7 9. 0-0 Nbd7 10. Qe2 c5 11. Rd1 Qc7 12. Ba6 Rac8 13. Bxb7 Qxb7 14. e4 cxd4 15. Nxd4 a6 16. Bg5 h6 17. Bh4 Ne5 18. Rac1 Ng6 19. Bg3 Rfd8 20. Nb3 Rxd1+ 21. Rxd1 Bxa3 22. e5 Nh7 23. Ne4 Be7 24. Nd6 Bxd6 25. exd6 Nf6 26. h4 Ne4 27. Bh2 Nxh4 28. f3 Nf6 29. Nd4 Ng6 30. Qd3 Nf8 31. b4 b5 32. Nb3 N8d7 33. Nc5 Nxc5 34. bxc5 Nd7 35. Qe3 Rxc5 36. Bf4 g5 37. Bg3 e5 38. Bh4 f6 39. Qb3+ Rc4 40. Bf2 Qc6 41. Qd3 Kg7 42. Kh2 e4 43. Qe2 Rc2 44. Qe1 Qc3 45. f4 Qxe1 0-1